A guide to parliamentary papers: (Record no. 12311)
[ view plain ]
| 000 -LEADER | |
|---|---|
| fixed length control field | 00928nam a2200277 a 4500 |
| 001 - CONTROL NUMBER | |
| control field | 12311 |
| 003 - CONTROL NUMBER IDENTIFIER | |
| rucl marc code | BD-RjUL |
| 005 - DATE AND TIME OF LATEST TRANSACTION | |
| control field | 20211208235254.0 |
| 008 - FIXED-LENGTH DATA ELEMENTS--GENERAL INFORMATION | |
| fixed length control field | 190304s1955 enk b 000 0 eng |
| 035 ## - SYSTEM CONTROL NUMBER | |
| System control number | (BD-RjUL)12360 |
| 040 ## - CATALOGING SOURCE | |
| Original cataloging agency | DLC |
| Transcribing agency | HLS |
| Modifying agency | SER |
| -- | UKM |
| -- | MYG |
| -- | BD-RjUL |
| Language of cataloging | eng |
| 041 ## - LANGUAGE CODE | |
| Language code of text/sound track or separate title | eng |
| 082 ## - DEWEY DECIMAL CLASSIFICATION NUMBER | |
| Classification number | 015.42 |
| Edition number | 23 |
| Author mark and year | FOG 1950 |
| 100 1# - MAIN ENTRY--PERSONAL NAME | |
| Personal name | Ford, P. |
| Fuller form of name | (Percy), |
| Dates associated with a name | 1894- |
| 9 (RLIN) | 228957 |
| 245 12 - TITLE STATEMENT | |
| Title | A guide to parliamentary papers: |
| Remainder of title | what they are, how to find them, how to use them / |
| Statement of responsibility, etc. | by P. Ford and G. Ford. |
| 246 30 - VARYING FORM OF TITLE | |
| Title proper/short title | Parliamentary papers |
| 260 ## - PUBLICATION, DISTRIBUTION, ETC. (IMPRINT) | |
| Place of publication, distribution, etc. | Oxford, |
| Name of publisher, distributor, etc. | Blackwell, |
| Date of publication, distribution, etc. | 1955. |
| 300 ## - PHYSICAL DESCRIPTION | |
| Pagination | xiii, 79 p. |
| Size | 19 cm. |
| 504 ## - BIBLIOGRAPHY, ETC. NOTE | |
| Bibliography, etc | Includes bibliographical references. |
| 650 #0 - SUBJECT ADDED ENTRY--TOPICAL TERM | |
| Topical term or geographic name as entry element | Government publications |
| Geographic subdivision | Great Britain. |
| 9 (RLIN) | 228958 |
| 651 ## - SUBJECT ADDED ENTRY--GEOGRAPHIC NAME | |
| Geographic name | Great Britain. |
| General subdivision | Government publications |
| 9 (RLIN) | 228962 |
| 700 1# - ADDED ENTRY--PERSONAL NAME | |
| Personal name | Ford, Grace, jt. auth. |
| 910 ## - USER-OPTION DATA (OCLC) | |
| User-option data | OCLCTechPro DDC Recon |
| 942 ## - ADDED ENTRY ELEMENTS (KOHA) | |
| Source of classification or shelving scheme | Dewey Decimal Classification |
| Koha item type | Rare Books |
| Lost status | Source of classification or shelving scheme | Damaged status | Not for loan | Collection code | Permanent Location | Current Location | Shelving location | Date acquired | Total Checkouts | Full call number | Date last seen | Copy number | Koha item type |
|---|---|---|---|---|---|---|---|---|---|---|---|---|---|
| Dewey Decimal Classification | Not For Loan | Rare Books | Central Library, University of Rajshahi | Central Library, University of Rajshahi | Rare Book Section | 04/03/2019 | RA 015.42 FOG 1955 | 04/03/2019 | C-1 | Rare Books |